[Event "Sarajevo Causevic Memorial Blitz op"]
[Site "Sarajevo"]
[Date "2025.05.25"]
[Round "9"]
[White "Cekro, Ekrem"]
[Black "Omerkic, Ahmed"]
[Result "1/2-1/2"]
[WhiteElo "2348"]
[BlackElo "1936"]
[PlyCount "160"]
[EventDate "2025.05.25"]
[EventType "swiss (blitz)"]
[EventRounds "11"]
[EventCountry "BIH"]
[SourceTitle "CB22_2025"]
[SourceDate "2025.05.28"]
[SourceVersion "1"]
[SourceVersionDate "2025.05.28"]
[SourceQuality "1"]

1. c4 Nf6 2. g3 g6 3. Bg2 Bg7 4. Nc3 0-0 5. e3 d6 6. Nge2 e5 7. 0-0 c6 8. d4 Qc7 9. b3 Re8 10. e4 Nbd7 11. d5 c5 12. h3 Nf8 13. Be3 Nh5 14. Qd2 f5 15. f3 a6 16. g4 Nf4 17. Nxf4 exf4 18. Bxf4 fxg4 19. fxg4 Nd7 20. Rae1 Ne5 21. a4 Qe7 22. a5 Rf8 23. Bg5 Qe8 24. Nd1 Bd7 25. Nf2 Rb8 26. Nd3 Nf7 27. Bf4 Ne5 28. Nxe5 Bxe5 29. Bh6 Rf7 30. Rxf7 Qxf7 31. Rf1 Qe7 32. Bg5 Qe8 33. Qd3 b6 34. axb6 Rxb6 35. Bh6 Bg7 36. Bxg7 Kxg7 37. Qc3+ Qe5 38. Qxe5+ dxe5 39. Rf3 a5 40. Rc3 a4 41. bxa4 Bxa4 42. Ra3 Rb4 43. Bf1 Kf6 44. Rf3+ Kg5 45. Kg2 Kh4 46. Rf7 Rb2+ 47. Kg1 Kg3 48. Ra7 Bd1 49. Ra3+ Kf4 50. Rd3 Bf3 51. d6 Rb8 52. d7 Rd8 53. Rd5 Bxe4 54. Rxc5 Rxd7 55. Kf2 Rd2+ 56. Ke1 Rb2 57. Rb5 Rc2 58. Rb3 Rc1+ 59. Kf2 Rc2+ 60. Be2 Bc6 61. Ke1 e4 62. Kf2 Ba4 63. Ra3 Bc6 64. Rb3 Ba4 65. Ra3 Bc6 66. Rb3 Rd2 67. Ra3 Rc2 68. Rb3 Ra2 69. Rc3 Ba4 70. Rg3 Bd1 71. Re3 Rc2 72. c5 Bxe2 73. Rxe2 Rxc5 74. Kg2 Rc3 75. Rf2+ Ke5 76. Rf7 e3 77. Rxh7 Rc2+ 78. Kf3 Rc3 79. Rd7 e2+ 80. Kxe2 Rg3 1/2-1/2

[Event "Sarajevo Causevic Memorial Blitz op"]
[Site "Sarajevo"]
[Date "2025.05.25"]
[Round "5"]
[White "Corovic, Sean"]
[Black "Cekro, Ekrem"]
[Result "0-1"]
[WhiteElo "2098"]
[BlackElo "2348"]
[PlyCount "110"]
[EventDate "2025.05.25"]
[EventType "swiss (blitz)"]
[EventRounds "11"]
[EventCountry "BIH"]
[SourceTitle "CB22_2025"]
[SourceDate "2025.05.28"]
[SourceVersion "1"]
[SourceVersionDate "2025.05.28"]
[SourceQuality "1"]

1. d4 Nf6 2. Nf3 b6 3. g3 Bb7 4. Bg2 e6 5. c4 Be7 6. Nc3 0-0 7. 0-0 d6 8. b3 Nbd7 9. Bb2 c5 10. Rc1 cxd4 11. Qxd4 a6 12. Rfd1 Qc7 13. h4 Rfd8 14. Ng5 Bxg2 15. Kxg2 Bf8 16. Kg1 Ne5 17. Nce4 Nxe4 18. Qxe4 g6 19. Bxe5 dxe5 20. Qf3 Bg7 21. Ne4 Qe7 22. e3 f5 23. Ng5 e4 24. Qe2 h6 25. Nh3 Be5 26. Kg2 Qc7 27. b4 a5 28. a3 axb4 29. axb4 Kf7 30. c5 Rxd1 31. Qxd1 b5 32. Qe2 Qc6 33. Rd1 Kf6 34. Qd2 g5 35. hxg5+ hxg5 36. Ng1 Qb7 37. Ne2 Rh8 38. Qd7 Qxd7 39. Rxd7 Rb8 40. Nd4 f4 41. gxf4 gxf4 42. Nc6 f3+ 43. Kf1 Rh8 44. Ke1 Rh1+ 45. Kd2 Rf1 46. Nxe5 Rxf2+ 47. Ke1 Re2+ 48. Kd1 Kxe5 49. c6 Ra2 50. c7 f2 51. Rf7 Ra8 52. Ke2 Rc8 53. Kxf2 Kd6 54. Kg3 Rxc7 55. Rxc7 Kxc7 0-1

[Event "Sarajevo Causevic Memorial Blitz op"]
[Site "Sarajevo"]
[Date "2025.05.25"]
[Round "10"]
[White "Savanovic, Aleksandar"]
[Black "Cekro, Ekrem"]
[Result "1-0"]
[WhiteElo "2360"]
[BlackElo "2348"]
[PlyCount "57"]
[EventDate "2025.05.25"]
[EventType "swiss (blitz)"]
[EventRounds "11"]
[EventCountry "BIH"]
[SourceTitle "CB22_2025"]
[SourceDate "2025.05.28"]
[SourceVersion "1"]
[SourceVersionDate "2025.05.28"]
[SourceQuality "1"]

1. e4 g6 2. d4 Bg7 3. Nc3 d6 4. Nf3 Nf6 5. Be2 0-0 6. 0-0 Bg4 7. Be3 Nc6 8. Qd2 e5 9. d5 Ne7 10. Rad1 a6 11. h3 Bxf3 12. Bxf3 Nd7 13. Be2 f5 14. f4 b5 15. b4 exf4 16. Bxf4 Ne5 17. a4 bxa4 18. exf5 Nxf5 19. Nxa4 Qd7 20. Nb2 Rfb8 21. Nc4 Nxc4 22. Bxc4 a5 23. bxa5 Qa4 24. Bd3 Qd4+ 25. Kh1 Qxd5 26. Bxf5 Qxf5 27. Bxd6 Qxa5 28. Qxa5 Rxa5 29. Bxc7 1-0

[Event "BEL-chT 1920"]
[Site "Belgium"]
[Date "2019.10.13"]
[Round "2.2"]
[White "Cekro, Ekrem"]
[Black "Van der Lende, Ilias"]
[Result "0-1"]
[WhiteElo "2381"]
[BlackElo "2410"]
[PlyCount "78"]
[EventDate "2019.09.29"]
[EventType "team-tourn"]
[EventRounds "11"]
[EventCountry "BEL"]
[SourceTitle "CBM 195 Extra"]
[Source "ChessBase"]
[SourceDate "2020.05.31"]
[SourceVersion "1"]
[SourceVersionDate "2020.05.31"]
[SourceQuality "1"]
[WhiteTeam "Fontaine"]
[BlackTeam "Wachtebeke"]
[WhiteTeamCountry "BEL"]
[BlackTeamCountry "BEL"]

1. c4 e6 2. Nf3 d5 3. e3 Nf6 4. b3 Be7 5. Bb2 b6 6. g3 Bb7 7. Bg2 dxc4 8. bxc4 c5 9. 0-0 0-0 10. Nc3 Nc6 11. Qe2 Rc8 12. Rfd1 Na5 13. Rac1 Nd7 14. d3 Bf6 15. Nb5 Ra8 16. d4 a6 17. Nd6 Bc6 18. d5 exd5 19. cxd5 Ba4 20. Rd3 Bb5 21. Nxb5 axb5 22. e4 Re8 23. Rb1 Nc4 24. Bxf6 Qxf6 25. Rxb5 Nd6 26. Rb1 Rxe4 27. Re3 Rxe3 28. fxe3 Qf5 29. Rd1 Ra3 30. Ne1 Ne5 31. e4 Qg5 32. Nd3 f6 33. Nf4 Qg4 34. Qc2 Rxa2 35. Qb1 Ra4 36. Rf1 b5 37. Qc1 Rc4 38. Qa3 Qc8 39. Qa7 Ra4 0-1

[Event "BEL-chT 1819"]
[Site "Belgium"]
[Date "2018.10.07"]
[Round "2.3"]
[White "Cekro, Ekrem"]
[Black "De Vos, Nils"]
[Result "1/2-1/2"]
[WhiteElo "2392"]
[BlackElo "2263"]
[PlyCount "39"]
[EventDate "2018.09.30"]
[EventType "team-tourn"]
[EventRounds "11"]
[EventCountry "BEL"]
[SourceTitle "CBM 186 Extra"]
[Source "ChessBase"]
[SourceDate "2018.08.24"]
[SourceVersion "1"]
[SourceVersionDate "2018.08.24"]
[SourceQuality "1"]
[WhiteTeam "Fontaine"]
[BlackTeam "Brasschaat"]
[WhiteTeamCountry "BEL"]
[BlackTeamCountry "BEL"]

1. c4 Nf6 2. g3 e6 3. Bg2 d5 4. d4 b6 5. Nc3 Bb7 6. Nf3 Be7 7. 0-0 0-0 8. Ne5 Nbd7 9. Qa4 c6 10. Rd1 Nxe5 11. dxe5 Nd7 12. cxd5 cxd5 13. e4 Nc5 14. Qc2 d4 15. Be3 dxe3 16. Rxd8 exf2+ 17. Kxf2 Raxd8 18. Kg1 Nd3 19. h3 Nxe5 20. Kh2 1/2-1/2

[Event "BEL-chT 1819"]
[Site "Belgium"]
[Date "2018.09.30"]
[Round "1.4"]
[White "Cekro, Ekrem"]
[Black "Harff, Marcel"]
[Result "0-1"]
[WhiteElo "2392"]
[BlackElo "2416"]
[PlyCount "70"]
[EventDate "2018.09.30"]
[EventType "team-tourn"]
[EventRounds "11"]
[EventCountry "BEL"]
[SourceTitle "CBM 186 Extra"]
[Source "ChessBase"]
[SourceDate "2018.08.24"]
[SourceVersion "1"]
[SourceVersionDate "2018.08.24"]
[SourceQuality "1"]
[WhiteTeam "Fontaine"]
[BlackTeam "KSK Rochade"]
[WhiteTeamCountry "BEL"]
[BlackTeamCountry "BEL"]

1. c4 e5 2. g3 Nf6 3. Bg2 g6 4. Nc3 Bg7 5. e3 d6 6. Nge2 0-0 7. 0-0 c6 8. d4 Bg4 9. h3 Bxe2 10. Qxe2 Re8 11. Qc2 Na6 12. a3 Nc7 13. b4 exd4 14. exd4 d5 15. c5 Ne4 16. Ne2 Qe7 17. Ra2 a5 18. bxa5 Rxa5 19. Be3 f5 20. Rb1 Ra7 21. Rb4 Ne6 22. Qb3 Rf8 23. Rb2 Rf7 24. Kh2 g5 25. f4 h6 26. Rb1 Kh7 27. Bc1 gxf4 28. gxf4 Qh4 29. Qe3 Bf6 30. Bd2 Bd8 31. Be1 Qf6 32. Bf3 Rg7 33. Kh1 Ba5 34. R4b3 Bxe1 35. Rxe1 Qh4 0-1

[Event "BEL-chT 1718"]
[Site "Belgium"]
[Date "2018.04.29"]
[Round "11.2"]
[White "Pruijssers, Roeland"]
[Black "Cekro, Ekrem"]
[Result "1/2-1/2"]
[WhiteElo "2507"]
[BlackElo "2396"]
[PlyCount "60"]
[EventDate "2017.09.24"]
[EventType "team-tourn"]
[EventRounds "11"]
[EventCountry "BEL"]
[SourceTitle "EXT 2019"]
[Source "ChessBase"]
[SourceDate "2018.10.10"]
[SourceVersion "1"]
[SourceVersionDate "2018.10.10"]
[SourceQuality "1"]
[WhiteTeam "Amay"]
[BlackTeam "Fontaine"]
[WhiteTeamCountry "BEL"]
[BlackTeamCountry "BEL"]

1. e4 d6 2. d4 Nf6 3. Nc3 g6 4. f4 c6 5. Nf3 Bg7 6. Bd3 Bg4 7. h3 Bxf3 8. Qxf3 Qb6 9. e5 Nfd7 10. Qf2 0-0 11. 0-0 e6 12. Ne4 d5 13. Ng5 c5 14. c3 cxd4 15. cxd4 f5 16. Be3 Rc8 17. g4 Nf8 18. gxf5 exf5 19. Qg2 Rd8 20. Rac1 Nc6 21. Rc5 h6 22. Nf3 Ne7 23. Rfc1 Rac8 24. R1c3 Rc6 25. a3 Ne6 26. b4 a6 27. Rxc6 bxc6 28. Qc2 Ra8 29. Qa4 h5 30. h4 Bh6 1/2-1/2

[Event "BEL-chT 1718"]
[Site "Belgium"]
[Date "2018.03.25"]
[Round "9.3"]
[White "Cekro, Ekrem"]
[Black "De Wachter, Matthias"]
[Result "1-0"]
[WhiteElo "2396"]
[BlackElo "2336"]
[PlyCount "75"]
[EventDate "2017.09.24"]
[EventType "team-tourn"]
[EventRounds "11"]
[EventCountry "BEL"]
[SourceTitle "EXT 2019"]
[Source "ChessBase"]
[SourceDate "2018.10.10"]
[SourceVersion "1"]
[SourceVersionDate "2018.10.10"]
[SourceQuality "1"]
[WhiteTeam "Fontaine"]
[BlackTeam "TSM Schifflange"]
[WhiteTeamCountry "BEL"]
[BlackTeamCountry "BEL"]

1. c4 e6 2. Nf3 d5 3. b3 Nf6 4. g3 Be7 5. Bg2 0-0 6. 0-0 b6 7. Bb2 Bb7 8. e3 dxc4 9. bxc4 c5 10. Qe2 Nc6 11. Nc3 Qc7 12. Nb5 Qc8 13. Rfd1 Rd8 14. d4 a6 15. Na3 Na5 16. Rac1 Ra7 17. Nb1 cxd4 18. Bxd4 Nd7 19. Nbd2 Bxf3 20. Bxf3 Rc7 21. Rb1 Bf6 22. Bxb6 Nxb6 23. Rxb6 Rxd2 24. Rxd2 Nxc4 25. Rdd6 Nxd6 26. Rxd6 a5 27. Ra6 Bd8 28. Ra8 Qd7 29. Qb5 g6 30. Qb8 Kg7 31. Qxd8 Rc1+ 32. Kg2 Qb5 33. g4 Qf1+ 34. Kg3 Rc2 35. Qd4+ e5 36. Qxe5+ f6 37. Qe7+ Kh6 38. g5+ 1-0

[Event "BEL-chT 1718"]
[Site "Belgium"]
[Date "2018.02.04"]
[Round "6.4"]
[White "Geirnaert, Steven"]
[Black "Cekro, Ekrem"]
[Result "1/2-1/2"]
[WhiteElo "2440"]
[BlackElo "2396"]
[PlyCount "51"]
[EventDate "2017.09.24"]
[EventType "team-tourn"]
[EventRounds "11"]
[EventCountry "BEL"]
[SourceTitle "EXT 2019"]
[Source "ChessBase"]
[SourceDate "2018.10.10"]
[SourceVersion "1"]
[SourceVersionDate "2018.10.10"]
[SourceQuality "1"]
[WhiteTeam "KBSK Brugge"]
[BlackTeam "Fontaine"]
[WhiteTeamCountry "BEL"]
[BlackTeamCountry "BEL"]

1. d4 Nf6 2. c4 e6 3. Nc3 Bb4 4. f3 c5 5. d5 d6 6. e4 Bxc3+ 7. bxc3 0-0 8. Bg5 Re8 9. Qd2 exd5 10. cxd5 Nbd7 11. Nh3 h6 12. Be3 Ne5 13. Nf2 Bd7 14. Be2 Qa5 15. a4 b5 16. 0-0 bxa4 17. Bxh6 gxh6 18. Qxh6 Ng6 19. f4 Nxe4 20. Bd3 Qxc3 21. Bxe4 Qg7 22. Qg5 Rab8 23. Bc2 Rb4 24. f5 Nf4 25. Qxg7+ Kxg7 26. f6+ 1/2-1/2

[Event "BL2-West 1617"]
[Site "Germany"]
[Date "2017.04.23"]
[Round "8.6"]
[White "Sundorf, Jannik"]
[Black "Cekro, Ekrem"]
[Result "1/2-1/2"]
[WhiteElo "2186"]
[BlackElo "2404"]
[PlyCount "105"]
[EventDate "2016.10.16"]
[EventType "team-tourn"]
[EventRounds "9"]
[EventCountry "GER"]
[SourceTitle "EXT 2018"]
[Source "ChessBase"]
[SourceDate "2017.10.13"]
[SourceVersion "1"]
[SourceVersionDate "2017.10.13"]
[SourceQuality "1"]
[WhiteTeam "Dortmund Hansa"]
[BlackTeam "Wuerselen"]
[WhiteTeamCountry "GER"]
[BlackTeamCountry "GER"]

1. d4 Nf6 2. c4 e6 3. g3 d5 4. Bg2 Nbd7 5. Nf3 Bb4+ 6. Bd2 Be7 7. Qc2 0-0 8. 0-0 Ne4 9. Rd1 c6 10. b3 f5 11. Nc3 Qe8 12. Na4 Bf6 13. Nb2 g5 14. Nd3 Qg6 15. cxd5 Nxd2 16. Rxd2 exd5 17. b4 a6 18. a4 Qg7 19. e3 g4 20. Nfe1 Nb6 21. Rdd1 Nc4 22. Nf4 Qf7 23. b5 axb5 24. axb5 Bd7 25. bxc6 bxc6 26. Ned3 Rfe8 27. Rxa8 Rxa8 28. Nb4 Ra5 29. Bf1 Be7 30. Nbd3 Bd6 31. Qc3 Ra3 32. Qe1 Be8 33. Ra1 Qa7 34. Rxa3 Qxa3 35. Bg2 Bf7 36. h3 h5 37. h4 Qa2 38. Nb4 Qa5 39. Nfd3 Qb6 40. Kh2 Kg7 41. Qc3 Kg8 42. Qb3 Qb5 43. Qc3 Qa5 44. Qe1 Qb6 45. Nc2 Qb5 46. Bf1 Qa4 47. Qc3 Qa2 48. Bg2 Qa7 49. Nb2 Qb6 50. Nd3 Qa7 51. Nb2 Qb6 52. Nd3 Qa7 53. Nb2 1/2-1/2

[Event "BEL-chT 1617"]
[Site "Belgium"]
[Date "2017.03.12"]
[Round "9.1"]
[White "Cekro, Ekrem"]
[Black "Hovhannisyan, Mher"]
[Result "1/2-1/2"]
[WhiteElo "2408"]
[BlackElo "2461"]
[PlyCount "27"]
[EventDate "2016.10.02"]
[EventType "team-tourn"]
[EventRounds "11"]
[EventCountry "BEL"]
[SourceTitle "EXT 2018"]
[Source "ChessBase"]
[SourceDate "2017.10.13"]
[SourceVersion "1"]
[SourceVersionDate "2017.10.13"]
[SourceQuality "1"]
[WhiteTeam "Fontaine"]
[BlackTeam "Liege Crelel"]
[WhiteTeamCountry "BEL"]
[BlackTeamCountry "BEL"]

1. c4 e6 2. g3 d5 3. Bg2 Nf6 4. Nf3 Be7 5. 0-0 0-0 6. b3 a5 7. Bb2 a4 8. Qc1 c6 9. d3 Nbd7 10. Qc2 a3 11. Bc3 b5 12. b4 bxc4 13. dxc4 c5 14. bxc5 1/2-1/2

[Event "BL2-West 1617"]
[Site "Germany"]
[Date "2017.02.19"]
[Round "6.5"]
[White "Cekro, Ekrem"]
[Black "Van Osch, Mees"]
[Result "1/2-1/2"]
[WhiteElo "2404"]
[BlackElo "2309"]
[PlyCount "82"]
[EventDate "2016.10.16"]
[EventType "team-tourn"]
[EventRounds "9"]
[EventCountry "GER"]
[SourceTitle "EXT 2018"]
[Source "ChessBase"]
[SourceDate "2017.10.13"]
[SourceVersion "1"]
[SourceVersionDate "2017.10.13"]
[SourceQuality "1"]
[WhiteTeam "Wuerselen"]
[BlackTeam "Muelheim II"]
[WhiteTeamCountry "GER"]
[BlackTeamCountry "GER"]

1. c4 Nf6 2. g3 g6 3. Bg2 Bg7 4. Nc3 0-0 5. e4 c5 6. Nge2 Nc6 7. 0-0 d6 8. h3 Rb8 9. d3 a6 10. a4 Ne8 11. Be3 b5 12. axb5 axb5 13. Nxb5 Nc7 14. Na7 Nxa7 15. Rxa7 Rxb2 16. Bd2 Ne6 17. Ba5 Qe8 18. Bc3 Bxc3 19. Nxc3 Nd4 20. Qa1 Rb3 21. Kh2 Nc2 22. Qa5 Ra3 23. Qxa3 Nxa3 24. Rxa3 Be6 25. Rb1 Qd7 26. Rb6 Qc7 27. Rba6 Rb8 28. Nb5 Qd8 29. Ra7 Kg7 30. Nc7 Rb2 31. Kg1 Kh6 32. Nxe6 fxe6 33. Ra2 Rb1+ 34. Bf1 d5 35. Ra1 Rb2 36. R7a2 Rb8 37. exd5 exd5 38. Re1 dxc4 39. dxc4 Qd4 40. Ra3 Rb2 41. Rae3 e6 1/2-1/2

[Event "BL2-West 1617"]
[Site "Germany"]
[Date "2016.10.16"]
[Round "1.4"]
[White "Cekro, Ekrem"]
[Black "De Gleria, Francesco"]
[Result "1-0"]
[WhiteElo "2408"]
[BlackElo "2377"]
[PlyCount "113"]
[EventDate "2016.10.16"]
[EventType "team-tourn"]
[EventRounds "9"]
[EventCountry "GER"]
[SourceTitle "CBM 175 Extra"]
[Source "ChessBase"]
[SourceDate "2016.12.12"]
[SourceVersion "1"]
[SourceVersionDate "2016.12.12"]
[SourceQuality "1"]
[WhiteTeam "Wuerselen"]
[BlackTeam "Duesseldorf"]
[WhiteTeamCountry "GER"]
[BlackTeamCountry "GER"]

1. c4 g6 2. g3 Bg7 3. Bg2 e5 4. Nc3 d6 5. e4 Nc6 6. Nge2 h5 7. h4 Bg4 8. Qb3 Rb8 9. d3 Bh6 10. f4 Nge7 11. Be3 0-0 12. 0-0 Kh7 13. Rf2 Qd7 14. Kh2 Ng8 15. Raf1 a6 16. Qc2 Nce7 17. d4 exd4 18. Nxd4 c5 19. Nf3 Nf6 20. Ng5+ Kg8 21. Qd3 Nc6 22. Rd2 Rbd8 23. b3 Qe7 24. a3 Rfe8 25. Bf2 Bg7 26. Re1 Bc8 27. Kg1 Ng4 28. Nd5 Qf8 29. Nf3 Nxf2 30. Rxf2 Bg4 31. Kh2 Nd4 32. Rff1 Rb8 33. Nxd4 Bxd4 34. e5 Bf5 35. Be4 Bxe4 36. Rxe4 Kg7 37. Nf6 Red8 38. Nd5 Re8 39. Nc7 Rec8 40. Nd5 Re8 41. f5 dxe5 42. Qe2 Qd6 43. Qd2 b5 44. Qg5 bxc4 45. bxc4 Rb2+ 46. Kh1 Reb8 47. fxg6 Qxg6 48. Rxe5 Rb1 49. Qxg6+ fxg6 50. Re7+ Kh6 51. Rxb1 Rxb1+ 52. Kg2 Rb2+ 53. Kf3 Rb3+ 54. Kf4 Bf2 55. Re6 Rxa3 56. Ne7 Rxg3 57. Nf5+ 1-0

[Event "BEL-chT 1415"]
[Site "Belgium"]
[Date "2015.03.15"]
[Round "10.1"]
[White "Vovk, Andrey"]
[Black "Cekro, Ekrem"]
[Result "1-0"]
[WhiteElo "2625"]
[BlackElo "2388"]
[PlyCount "80"]
[EventDate "2014.09.28"]
[EventType "team-swiss"]
[EventRounds "11"]
[EventCountry "BEL"]
[SourceTitle "EXT 2016"]
[Source "ChessBase"]
[SourceDate "2015.10.08"]
[SourceVersion "1"]
[SourceVersionDate "2015.10.08"]
[SourceQuality "1"]
[WhiteTeam "Amay"]
[BlackTeam "Fontaine"]
[WhiteTeamCountry "BEL"]
[BlackTeamCountry "BEL"]

1. e4 g6 2. d4 Bg7 3. Nc3 c6 4. Nf3 d6 5. h3 Nd7 6. a4 e5 7. d5 Qe7 8. dxc6 bxc6 9. Nd2 Ngf6 10. Nc4 Bf8 11. Be3 Nc5 12. Qf3 Nfd7 13. Rd1 Nb7 14. a5 Qe6 15. Rd2 Be7 16. Qd1 0-0 17. a6 Nbc5 18. Nxd6 Bxa6 19. Bxa6 Nxa6 20. Nxf7 Rxf7 21. Rxd7 Nc5 22. Rd2 Qc4 23. Qe2 Qb4 24. 0-0 Qxb2 25. Qc4 Qa3 26. Rb1 Rc8 27. Rdd1 Qa6 28. Qxa6 Nxa6 29. Na4 Bf8 30. f3 Rfc7 31. Nb2 Kf7 32. Nd3 Ke6 33. c3 Nb8 34. Ra1 Nd7 35. Ra6 Rb8 36. Kf2 Rb3 37. Rc1 Nb6 38. Ke2 Bd6 39. Rc2 Kd7 40. Bc1 Nc4 1-0

[Event "Oberliga NRW 1415"]
[Site "Germany"]
[Date "2014.12.14"]
[Round "4.3"]
[White "Cekro, Ekrem"]
[Black "Kern, Guido"]
[Result "1/2-1/2"]
[WhiteElo "2367"]
[BlackElo "2295"]
[PlyCount "51"]
[EventDate "2014.09.14"]
[EventType "team-tourn"]
[EventRounds "9"]
[EventCountry "GER"]
[SourceTitle "EXT 2017"]
[Source "ChessBase"]
[SourceDate "2016.10.25"]
[SourceVersion "1"]
[SourceVersionDate "2016.10.25"]
[SourceQuality "1"]
[WhiteTeam "Wuerselen"]
[BlackTeam "Dinslaken"]
[WhiteTeamCountry "GER"]
[BlackTeamCountry "GER"]

1. c4 c5 2. Nc3 g6 3. g3 Bg7 4. Bg2 Nc6 5. a3 b6 6. e4 Bb7 7. Nge2 d6 8. 0-0 e6 9. Rb1 Nge7 10. b4 Qd7 11. d3 0-0 12. Bg5 h6 13. Be3 Nd4 14. a4 Nec6 15. b5 Nxe2+ 16. Nxe2 Nd4 17. Nxd4 cxd4 18. Bd2 a5 19. f4 f5 20. Qe2 Rae8 21. e5 dxe5 22. fxe5 Bxg2 23. Qxg2 Rc8 24. Rfe1 g5 25. Bc1 Rf7 26. Ba3 1/2-1/2

[Event "BEL-chT 1415"]
[Site "Belgium"]
[Date "2014.11.16"]
[Round "4.1"]
[White "Hausrath, Daniel"]
[Black "Cekro, Ekrem"]
[Result "1-0"]
[WhiteElo "2537"]
[BlackElo "2388"]
[PlyCount "53"]
[EventDate "2014.09.28"]
[EventType "team-swiss"]
[EventRounds "11"]
[EventCountry "BEL"]
[SourceTitle "EXT 2015"]
[Source "ChessBase"]
[SourceDate "2014.11.20"]
[SourceVersion "1"]
[SourceVersionDate "2014.11.20"]
[SourceQuality "1"]
[WhiteTeam "Eynatten"]
[BlackTeam "Fontaine"]
[WhiteTeamCountry "BEL"]
[BlackTeamCountry "BEL"]

1. Nf3 Nf6 2. g3 c5 3. c4 Nc6 4. Bg2 d6 5. 0-0 g6 6. b3 Bg7 7. Bb2 0-0 8. d4 Bg4 9. Nbd2 Qc8 10. d5 Nd8 11. Re1 e5 12. dxe6 Qxe6 13. h3 Bxf3 14. exf3 Qc8 15. Nf1 Qd7 16. Qd2 Nc6 17. Rad1 Rad8 18. Ne3 Rfe8 19. Qc1 Kh8 20. f4 Ng8 21. Bxg7+ Kxg7 22. Qc3+ f6 23. Bxc6 bxc6 24. Kg2 Re4 25. Rd3 Nh6 26. Ng4 Qe6 27. Nxf6 1-0

[Event "Oberliga NRW 1415"]
[Site "Germany"]
[Date "2014.10.05"]
[Round "2.2"]
[White "Cekro, Ekrem"]
[Black "Korotkjevich, Stanislav"]
[Result "1-0"]
[WhiteElo "2367"]
[BlackElo "2374"]
[PlyCount "147"]
[EventDate "2014.09.14"]
[EventType "team-tourn"]
[EventRounds "9"]
[EventCountry "GER"]
[SourceTitle "EXT 2017"]
[Source "ChessBase"]
[SourceDate "2016.10.25"]
[SourceVersion "1"]
[SourceVersionDate "2016.10.25"]
[SourceQuality "1"]
[WhiteTeam "Wuerselen"]
[BlackTeam "Koeln Porz II"]
[WhiteTeamCountry "GER"]
[BlackTeamCountry "GER"]

1. c4 Nf6 2. Nc3 g6 3. g3 Bg7 4. Bg2 0-0 5. e4 d6 6. Nge2 c5 7. d4 Nc6 8. dxc5 dxc5 9. 0-0 Nd4 10. h3 Nd7 11. Rb1 Ne5 12. b3 Qa5 13. Nxd4 cxd4 14. Na4 b5 15. Bd2 Qa6 16. cxb5 Qxb5 17. f4 Nd3 18. Rf3 Nb4 19. Bf1 Qb8 20. a3 Na6 21. Bc4 Nc7 22. Qf1 Be6 23. Bxe6 Nxe6 24. f5 Nd8 25. Rc1 Nb7 26. Qd3 Nd6 27. Bf4 Qb5 28. f6 Bxf6 29. e5 Bxe5 30. Qxb5 Nxb5 31. Bxe5 f6 32. Bf4 Rac8 33. Re1 e5 34. Bh6 Rf7 35. b4 Nd6 36. Nc5 Nf5 37. Bd2 Rc6 38. g4 Nd6 39. g5 Nc4 40. Bc1 f5 41. Rd3 Rd6 42. Nb3 Rfd7 43. Nd2 Nxd2 44. Rxd2 e4 45. Rc2 Kf7 46. Rc5 d3 47. Bd2 Ke6 48. Kf2 Rd5 49. Rxd5 Kxd5 50. Rc1 Rd6 51. Rc5+ Ke6 52. a4 f4 53. Bxf4 d2 54. Bxd2 Rxd2+ 55. Ke3 Rh2 56. Kxe4 Rxh3 57. Rc6+ Kd7 58. Ra6 Rh4+ 59. Ke5 Rxb4 60. Rxa7+ Ke8 61. Rxh7 Rxa4 62. Kf6 Ra6+ 63. Kg7 Ke7 64. Rh1 Re6 65. Rf1 Ke8 66. Rf8+ Ke7 67. Rf6 Re1 68. Kxg6 Rg1 69. Kh6 Ke8 70. g6 Rg2 71. g7 Rh2+ 72. Kg6 Rg2+ 73. Kh7 Ke7 74. Rg6 1-0

[Event "BEL-chT 1415"]
[Site "Belgium"]
[Date "2014.09.28"]
[Round "1.3"]
[White "Cekro, Ekrem"]
[Black "Geirnaert, Steven"]
[Result "0-1"]
[WhiteElo "2388"]
[BlackElo "2399"]
[PlyCount "62"]
[EventDate "2014.09.28"]
[EventType "team-swiss"]
[EventRounds "11"]
[EventCountry "BEL"]
[SourceTitle "CBM 162 Extra"]
[Source "ChessBase"]
[SourceDate "2014.10.17"]
[SourceVersion "1"]
[SourceVersionDate "2014.10.17"]
[SourceQuality "1"]
[WhiteTeam "Fontaine"]
[BlackTeam "KBSK Brugge"]
[WhiteTeamCountry "BEL"]
[BlackTeamCountry "BEL"]

1. c4 e5 2. Nc3 Nf6 3. Nf3 Nc6 4. g3 Bb4 5. Bg2 0-0 6. 0-0 Bxc3 7. bxc3 e4 8. Nd4 Re8 9. d3 h6 10. Qc2 Qe7 11. Rb1 d6 12. c5 d5 13. Nxc6 bxc6 14. Be3 Ba6 15. Qa4 Bb5 16. Qd4 Rad8 17. Rfe1 Ng4 18. Bd2 f5 19. a4 Ba6 20. h3 Ne5 21. f4 Nd7 22. Be3 Rb8 23. Rb4 Kh7 24. Kf2 Rbd8 25. Rbb1 Qf7 26. Qb4 exd3 27. Qa5 Rxe3 28. Kxe3 Re8+ 29. Kd2 d4 30. Qb4 Rb8 31. Qa3 dxc3+ 0-1

[Event "NRW Class2 1314"]
[Site "Germany"]
[Date "2014.04.06"]
[Round "8.2"]
[White "Cekro, Ekrem"]
[Black "Rieke, Theo"]
[Result "1-0"]
[WhiteElo "2360"]
[BlackElo "2000"]
[PlyCount "99"]
[EventDate "2013.09.15"]
[EventType "team-tourn"]
[EventRounds "9"]
[EventCountry "GER"]
[SourceTitle "EXT 2015"]
[Source "ChessBase"]
[SourceDate "2014.11.20"]
[SourceVersion "1"]
[SourceVersionDate "2014.11.20"]
[SourceQuality "1"]
[WhiteTeam "Wuerselen"]
[BlackTeam "Neuenkirchen"]
[WhiteTeamCountry "GER"]
[BlackTeamCountry "GER"]

1. c4 g6 2. g3 Bg7 3. Bg2 d6 4. Nc3 e5 5. e3 Nc6 6. Nge2 f5 7. d3 Nf6 8. 0-0 0-0 9. f4 Be6 10. Nd5 Qd7 11. Nec3 Nd8 12. e4 c6 13. exf5 gxf5 14. Nxf6+ Rxf6 15. Be3 Nf7 16. Qe2 Re8 17. Rae1 a6 18. d4 Qc7 19. dxe5 dxe5 20. fxe5 Qxe5 21. Qf2 Qb8 22. Bf4 Qc8 23. Na4 Bh6 24. b3 Bxf4 25. Qxf4 Qd8 26. Rd1 Qe7 27. Rfe1 Rd8 28. Rxd8+ Qxd8 29. Nc5 Bc8 30. Qe3 Rd6 31. Bf3 b6 32. Na4 Re6 33. Qf2 Rxe1+ 34. Qxe1 Qd4+ 35. Qf2 Ne5 36. Be2 Qxf2+ 37. Kxf2 b5 38. Nc5 Kf7 39. Ke3 Ke7 40. Nd3 Nxd3 41. Bxd3 Be6 42. Kd4 bxc4 43. bxc4 Kf6 44. Be2 a5 45. Bf3 Bd7 46. a3 h6 47. Kc5 Ke5 48. Bxc6 Bc8 49. Kb6 Kd4 50. c5 1-0